| Tag |
First Indicator |
Second Indicator |
Subfields |
| LEADER |
00000cam a2200000 i 4500 |
| 001 |
in00003599708 |
| 005 |
20210430152153.0 |
| 006 |
m o d f |
| 007 |
cr ||||||||||| |
| 008 |
150909s2013 dcu o f000 0 eng c |
| 035 |
|
|
|a (OCoLC)ocn920518729
|
| 042 |
|
|
|a pcc
|
| 043 |
|
|
|a n-us---
|
| 040 |
|
|
|a GPO
|b eng
|e rda
|e pn
|c GPO
|d GPO
|d OCLCA
|d OCLCF
|d GPO
|d MvI
|
| 049 |
|
|
|a WWW
|
| 074 |
|
|
|a 0443-G (online)
|
| 086 |
0 |
|
|a FR 2.2:AD 9
|
| 245 |
0 |
0 |
|a Know your financial adviser.
|
| 264 |
|
1 |
|a [Washington, D.C.] :
|b Consumer Financial Protection Bureau,
|c [2013?]
|
| 300 |
|
|
|a 1 online resource (4 pages)
|
| 336 |
|
|
|a text
|b txt
|2 rdacontent
|
| 337 |
|
|
|a computer
|b c
|2 rdamedia
|
| 338 |
|
|
|a online resource
|b cr
|2 rdacarrier
|
| 500 |
|
|
|a Caption title.
|
| 500 |
|
|
|a Title from title screen (viewed September 9, 2015).
|
| 650 |
|
0 |
|a Investment advisors.
|
| 650 |
|
0 |
|a Financial planners.
|
| 650 |
|
0 |
|a Finance, Personal.
|
| 650 |
|
0 |
|a Estate planning.
|
| 650 |
|
0 |
|a Consumer protection
|z United States.
|
| 650 |
|
7 |
|a Consumer protection.
|2 fast
|0 (OCoLC)fst00876358
|
| 650 |
|
7 |
|a Estate planning.
|2 fast
|0 (OCoLC)fst00915490
|
| 650 |
|
7 |
|a Finance, Personal.
|2 fast
|0 (OCoLC)fst00924449
|
| 650 |
|
7 |
|a Financial planners.
|2 fast
|0 (OCoLC)fst00924719
|
| 650 |
|
7 |
|a Investment advisors.
|2 fast
|0 (OCoLC)fst00978168
|
| 651 |
|
7 |
|a United States.
|2 fast
|0 (OCoLC)fst01204155
|
| 710 |
1 |
|
|a United States.
|b Consumer Financial Protection Bureau,
|e issuing body.
|
| 856 |
4 |
0 |
|u https://purl.fdlp.gov/GPO/gpo60649
|t 0
|
| 856 |
4 |
0 |
|u http://purl.fdlp.gov/GPO/gpo60649
|t 0
|
| 999 |
f |
f |
|s 5fc24808-2849-39c8-b5d1-28631f87eafd
|i 7a3d445a-32e8-38f3-aabc-4d43e2085e60
|t 0
|
| 952 |
f |
f |
|a Texas A&M University
|b College Station
|c Electronic Resources
|d Available Online
|t 0
|e FR 2.2:AD 9
|h Superintendent of Documents classification
|
| 998 |
f |
f |
|a FR 2.2:AD 9
|t 0
|l Available Online
|